| 000 | nam a22 4500 | ||
|---|---|---|---|
| 999 |
_c29457 _d29457 |
||
| 008 | 171206b xxu||||| |||| 00| 0 eng d | ||
| 020 | _a9789966252568 | ||
| 050 | _aPE 1068 .K4 2012 | ||
| 100 | _aKiai, Alice | ||
| 245 |
_aNew horizons in English 2 : _ba course for secondary schools / _cAlice Kiai |
||
| 260 |
_aNairobi : _bEast African Educational Publishers, _c2012. |
||
| 300 |
_avii, 266p. : _bill. ; _c25 cm. |
||
| 700 | _aOduor, Benson | ||
| 700 | _aOwuor, Emily | ||
| 942 |
_2lcc _cAFRICANA _hPE 1068 .K4 2012 _kPE 1068 .K4 2006 _02 |
||